Evaluating the effectiveness of the rice seed packagin on germination rate and storage period,(ការប្រៀបធៀបប្រសិទ្ធភាពរបស់បរិក្ខាទុកដាក់គ្រាប់ពូជស្រូវលើអត្រាដំណុះ និងរយះពេលទុកដាក់) (Record no. 1199)

000 -LEADER
fixed length control field 00712nam a22001577a 4500
003 - CONTROL NUMBER IDENTIFIER
control field OSt
005 - DATE AND TIME OF LATEST TRANSACTION
control field 20150924151535.0
008 - FIXED-LENGTH DATA ELEMENTS--GENERAL INFORMATION
fixed length control field 150924b xxu||||| |||| 00| 0 eng d
040 ## - CATALOGING SOURCE
Transcribing agency RUA
082 ## - DEWEY DECIMAL CLASSIFICATION NUMBER
Classification number AGR PIC 2012 B052 Or.1
100 ## - MAIN ENTRY--PERSONAL NAME
9 (RLIN) 1267
Personal name PICH PUTHPANNHA
245 ## - TITLE STATEMENT
Title Evaluating the effectiveness of the rice seed packagin on germination rate and storage period,(ការប្រៀបធៀបប្រសិទ្ធភាពរបស់បរិក្ខាទុកដាក់គ្រាប់ពូជស្រូវលើអត្រាដំណុះ និងរយះពេលទុកដាក់)
260 ## - PUBLICATION, DISTRIBUTION, ETC. (IMPRINT)
Place of publication, distribution, etc. phnom penh
Name of publisher, distributor, etc. RUA
Date of publication, distribution, etc. 2012
300 ## - PHYSICAL DESCRIPTION
Extent x, 41p.
Dimensions ill.
Size of unit 29cm.
942 ## - ADDED ENTRY ELEMENTS (KOHA)
Source of classification or shelving scheme
Koha item type AGR
Holdings
Price effective from Date last seen Permanent Location Not for loan Date acquired Source of classification or shelving scheme Koha item type Lost status Withdrawn status Date last checked out Total Checkouts Shelving location Damaged status Barcode Current Location Checked out Full call number
2015-09-242016-06-30Library Block B 2015-09-24 AGR  2016-06-131  RUA005426Library Block B AGR PIC 2012 B052 Or.1
2015-09-242015-09-24Library Block B 2015-09-24 AGR      RUA005363Library Block B AGR PIC 2012 B052 Or.2
2015-09-242016-07-12Library Block B 2015-09-24 AGR  2016-06-241  RUA005753Library Block B AGR PIC 2012 B052 Or.3
2015-09-242016-08-03Library Block B 2015-09-24 AGR  2016-07-231  RUA004716Library Block B AGR PIC 2012 B052 Or.4
2015-09-242018-04-30Library Block B 2015-09-24 AGR  2018-04-301  RUA004641Library Block B2018-05-21AGR PIC 2012 B052 Or.5
2015-09-242015-09-24Library Block B 2015-09-24 AGR      RUA005897Library Block B AGR PIC 2012 B052 Or.6
2015-09-242024-06-25Library Block B 2015-09-24 AGR  2024-06-102  RUA004860Library Block B AGR PIC 2012 B052 Or.7
2019-01-212025-10-23Library Block B 2019-01-21 AGR  2025-10-111B1.210 A41557Library Block D AGR PIC 2012 B1.210 Or.1
មជ្ឈមណ្ឌលឯការនៃសាកលវិទ្យាល័យភូមិន្ទកសិកម្មចំការដូង

Powered by Koha